Responses for Show #3273 - Wednesday, November 25, 1998

Contestants

[<< previous game]

Coral Sullivan, a registrar from Wayland, Massachusetts

Randy Juip, a law student from Detroit, Michigan

Adriana Bate, an office manager from New Orleans, Louisiana (whose 2-day cash winnings total $13,810)

[next game >>]

Jeopardy! Round responses

WELLS
THE ADVENTURES OF SHERLOCK HOLMES
MILK
TV CRIMEFIGHTERS
THE SOLAR SYSTEM
3-LETTER WORDS
    $100 6
Oil

Randy
    $100 19
A Study in Scarlet

Triple Stumper
    $100 1
(Randy: What is a goat?)
(Coral: What is a cow?)

a sheep

AdrianaRandyCoral
    $100 20
Peter Falk

Coral
    $100 11
Venus

Randy
    $100 14
Wag

Randy
    $200 7
Jack & Jill

Adriana
    $200 25
The Hound of the Baskervilles

Adriana
    $200 2
Milker/milking machine

Adriana
    $200 21
Robert Urich

Coral
    $200 12
(Coral: What are constellations?)

meteor showers

AdrianaCoral
    $200 15
Tip

Coral
    $300 8
The Alamo

Adriana
    $300 26
221B Baker Street

Triple Stumper
    $300 3
The milk of human kindness

Triple Stumper
    $300 22
Don Knotts

Coral
    $300 13
Aurora Borealis

Coral
    $300 16
Tag

Randy
    $400 9
Bits

Randy
    $400 27
Killed him off

Randy
    $400 4
Skim milk

Adriana
    $400 23
Raymond Burr

Coral
    $500 28
[NEAR: Near Earth [*] Rendezvous.]

an asteroid

Randy
    $400 17
Hot

Adriana
    $500 10
(Coral: Who is Abraham?)

Jacob

Coral
Triple Stumper
    $500 30
Inspector Lestrade

Triple Stumper
    $500 5
(Randy: What is glucose?)
(Coral: What is lactase?)

lactose

AdrianaRandyCoral
    $500 24
Robert Blake

Triple Stumper
    $500 29
Phobos

Triple Stumper
    $500 18
Emu

Coral

Scores at the first commercial break (after clue 13):

Adriana Randy Coral
$1,900 $0 -$1,000

Scores at the end of the Jeopardy! Round:

Adriana Randy Coral
$2,500 $1,300 $700

Double Jeopardy! Round responses

WELLES
CELTICS
THOMAS PAINE
THERE'S SOMETHING ABOUT MARYLAND
CANADIAN CUISINE, EH?
"PO"POURRI
    $200 6
(Randy: What is War of the Worlds?)

Citizen Kane

RandyCoral
    $200 1
Druids

Adriana
    $200 26
(Randy: What is common sense?)

try men's souls

RandyCoral
    $200 11
(Adriana: What is Baltimore?)

Annapolis

AdrianaCoral
    $200 13
Maple syrup

Coral
    $200 18
Poseidon

Randy
    $400 7
Rita Hayworth

Coral
    $400 2
Larry Bird

Coral
    $400 27
(Alex: Now's the time for it, right!)

Common Sense

Randy
    $400 12
Pennsylvania

Triple Stumper
    $400 14
Pork

Adriana
    $400 19
Possession

Adriana
    $600 8
(Coral: I'm sorry, what is the World Theater?)

Mercury Theater

AdrianaCoral
    $600 3
Rhiannon

Coral
    $600 28
Government

Triple Stumper
    $200 23
Aberdeen

Adriana
    $600 15
Beaver tail

Adriana
    $600 20
Poltergeist

Adriana
    $800 9
(Adriana: Who is Thomas More?)

Cardinal Thomas Wolsey

Adriana
Triple Stumper
    $800 4
Arnold "Red" Auerbach

Triple Stumper
    $800 29
Reason

Triple Stumper
    $800 24
(Alex: We have a minute to go.)

Pimlico Race Course

Triple Stumper
    $800 16
Tongues

Adriana
    $800 21
(Coral: What is...)

Pocatello

Coral
Triple Stumper
    $1000 10
The Magnificent Ambersons

Coral
    $1000 5
(Randy: What is New Brunswick?)

Nova Scotia ("New Scotland")

AdrianaRandy
    $400 30
(Alex: I can read your mind, young man!)
(Randy: What is Uncommon Sense?)

The Rights of Man

Randy
    $1000 25
Barbara Fritchie

Adriana
    $1000 17
Prince Edward Island

Adriana
    $1000 22
Postmaster General

Adriana

Scores at the end of the Double Jeopardy! Round:

Adriana Randy Coral
$9,300 $100 $2,500
(lock game)

[wagering suggestions for these scores]

Final Jeopardy! Round responses

FRENCH LITERATURE
RandyWho was Voltaire?
$99
CoralWho was Moliere?
$0
AdrianaWho was Stendahl?
$300
Alexandre Dumas (pere, the father)

Final scores:

Adriana Randy Coral
$9,000 $1 $2,500
3-day champion: $22,810 3rd place: Pair of Festina Titanium Chrono Watches 2nd place: Trip to Hotel Melia Victoria, Palma de Majorca, Spain

Game dynamics:

Coryat scores:

Adriana Randy Coral
$9,700 $400 $2,500
21 R
(including 1 DD),
2 W
9 R
(including 1 DD),
6 W
(including 1 DD)
15 R,
6 W

Combined Coryat: $12,600

[game clues] [game scores] [suggest correction]

Game tape date: 1998-10-06
The J! Archive is created by fans, for fans. Scraping, republication, monetization, and malicious use prohibited; this site may use cookies and collect identifying information. See terms. The Jeopardy! game show and all elements thereof, including but not limited to copyright and trademark thereto, are the property of Jeopardy Productions, Inc. and are protected under law. This website is not affiliated with, sponsored by, or operated by Jeopardy Productions, Inc. Join the discussion at JBoard.tv.